Dylematy wdrazania postepu technicznego w przedsiebiorstwach.

Nová koncepcia podniku a jej predpoklady. Úloha a postavenie pracovníka v novom systéme. Hlavné spôsoby aktivizácie produktivity jednotlivca. Organizačné a sociálne bariéry inovačnej činnosti a zavádzania technického pokroku. Inovačná orientácia.

Enregistré dans:
Détails bibliographiques
Auteur principal: Zbiegien-Maciag, L.
Format: Chapitre de livre
Langue:polonais
Sujets:
Tags: Ajouter un tag
Pas de tags, Soyez le premier à ajouter un tag!

MARC

LEADER 00000naa a2200000 4500
001 r006759
005 20221125122418.6
041 0 |a pol 
044 |a PL 
245 1 0 |a Dylematy wdrazania postepu technicznego w przedsiebiorstwach.  |c L. Zbiegien-Maciag 
520 |a Nová koncepcia podniku a jej predpoklady. Úloha a postavenie pracovníka v novom systéme. Hlavné spôsoby aktivizácie produktivity jednotlivca. Organizačné a sociálne bariéry inovačnej činnosti a zavádzania technického pokroku. Inovačná orientácia. 
610 2 0 |a pokrok technický 
610 2 0 |a podnik 
610 2 0 |a produktivita práce 
610 2 0 |a inovácia 
610 2 0 |a koncepcie 
610 2 0 |a politika podniková 
100 1 |a Zbiegien-Maciag, L.